تحليل معجمى و دلالى لرواية ثقوب فى الثوب الأسواد للكاتب المصرى احسان عبد القدوس
محفوظ في:
| المؤلف الرئيسي: | |
|---|---|
| مؤلفون آخرون: | , |
| التنسيق: | أطروحة |
| اللغة: | Arabic |
| منشور في: |
خرطوم
: معهد خرطوم دولى غة عربية،
1985
|
| الموضوعات: | |
| الوسوم: |
إضافة وسم
لا توجد وسوم, كن أول من يضع وسما على هذه التسجيلة!
|
| LEADER | 016030000a22003610004500 | ||
|---|---|---|---|
| 001 | 88582 | ||
| 005 | 20091201114200.0 | ||
| 008 | 940131s1985 ara | ||
| 035 | |a 294858 | ||
| 035 | |a (Sirsi) 88582 | ||
| 040 | |a UIAM |b eng | ||
| 043 | |a f-ua--- | ||
| 049 | |b m | ||
| 050 | |a PJ7804Q3 | ||
| 100 | 1 | |a عثمان، بشير حسن أبو بكر | |
| 245 | 1 | 0 | |a تحليل معجمى و دلالى لرواية ثقوب فى الثوب الأسواد للكاتب المصرى احسان عبد القدوس |
| 246 | 0 | 0 | |a Tahlil mu'jami wa-dalali li-riwayah Thaqub fi al-thawb al-aswad lil-katib al-Misri Ihsan 'Abd al-Qaddus / |c i'dad Bashir Hasan Abu Bakr 'Uthman; ishraf Ja'far Mirghani |
| 260 | 1 | |a خرطوم |b : معهد خرطوم دولى غة عربية، |c 1985 | |
| 300 | |a 75 leaves ;31 cm. | ||
| 502 | |a (Dip.)--Ma'had al-Khartum al-Duwali lil-Lughat al-'Arabiyah, 1985 | ||
| 596 | |a 1 | ||
| 600 | 2 | 8 | |a عبد قدوس، احسان |x نقد |
| 600 | 2 | 8 | |a 'Abd al-Qaddus, Ihsan. |t Thaqub fi al-thawb al-aswad |x Criticism and interpretation |
| 650 | 8 | |a مؤلفون عرب |x تراجم |y قرن .20 | |
| 650 | 8 | |a رسالة جامعية | |
| 650 | 0 | |a Authors, Arab |x Criticism and interpretation | |
| 655 | 0 | 7 | |a Theses, non-IIUM |
| 700 | 1 | |a 'Uthman, Bashir Hasan Abu Bakr | |
| 700 | 1 | |a Mirghani, Ja'far | |
| 710 | 1 | |a Ma'had al-Khartum al-Dawli lil-Lughah al-'Arabiyah | |
| 900 | |a checked a r r 190496 | ||
| 999 | |c 430524 |d 462015 | ||
| 952 | |0 0 |6 T PJ 007804 Q3T32U89T |7 0 |8 THESES |9 749792 |a IIUM |b IIUM |c MULTIMEDIA |g 0.00 |o t PJ7804Q3T32U89T |p 00000294861 |r 2017-10-20 |t 1 |v 0.00 |y THESIS | ||
